UBT Library

Construction contracting / (Record no. 40177)

000 -LEADER
fixed length control field 00504cam a2200205 a 4500
001 - CONTROL NUMBER
control field 1842348
005 - DATE AND TIME OF LATEST TRANSACTION
control field 20180112041743.0
008 - FIXED-LENGTH DATA ELEMENTS--GENERAL INFORMATION
fixed length control field 810504s1981 nyua 001 0 eng
010 ## - LIBRARY OF CONGRESS CONTROL NUMBER
LC control number 81007449
020 ## - INTERNATIONAL STANDARD BOOK NUMBER
International Standard Book Number 0471086576
040 ## - CATALOGING SOURCE
Original cataloging agency DLC
Transcribing agency DLC
Modifying agency DLC
041 ## - LANGUAGE CODE
Language code of text/sound track or separate title eng
080 ## - UNIVERSAL DECIMAL CLASSIFICATION NUMBER
Universal Decimal Classification number 692.8 RIC
082 00 - DEWEY DECIMAL CLASSIFICATION NUMBER
Classification number 692.8 RIC
Edition number 19
100 1# - Rafti
Rafti 42
101 ## - Shkurtesa
Shkurtesa NDE
245 10 - TITLE STATEMENT
Title Construction contracting /
Statement of responsibility, etc Richard H. Clough.
906 ## - LOCAL DATA ELEMENT F, LDF (RLIN)
a 7
b cbc
c orignew
d 1
e ocip
f 19
g y-gencatlg
942 ## - ADDED ENTRY ELEMENTS (KOHA)
Source of classification or shelving scheme
Item type Books
Holdings
Withdrawn status Lost status Source of classification or shelving scheme Damaged status Not for loan Collection code Permanent location Current location Shelving location Date acquired Total Checkouts Full call number Barcode Date last seen Price effective from Koha item type
          Koleksioni i përgjithshem UBT - Lipjan UBT - Lipjan Koleksioni i përgjithshem 01/12/2018   692.8 RIC 002-2994952 01/12/2018 01/12/2018 Books
UBT Library © 2015-2024. All rights reserved University Education for Business and Technology